Normal view
MARC view
Entry Topical Term
001 - CONTROL NUMBER
- control field: 3081
003 - CONTROL NUMBER IDENTIFIER
- control field: BD-RjUL
005 - DATE AND TIME OF LATEST TRANSACTION
- control field: 20220519164147.0
008 - FIXED-LENGTH DATA ELEMENTS
- fixed length control field: 220519|| aca||aabn | a|a d
040 ## - CATALOGING SOURCE
- Original cataloging agency: BD-RjUL
- Transcribing agency: BD-RjUL
150 ## - HEADING--TOPICAL TERM
- Topical term or geographic name entry element: আকুপাংচার
670 ## - SOURCE DATA FOUND
- Source citation: Work cat.: (BD-RjUL)79822: সাহু, ভবানী প্রসাদ 3080, আকুপাংচার / , ১৯৯০